Nový zákon o trestnej zodpovednosti právnických osôb
Pokračovanie príspevku z predchádzajúceho čísla. Vzťah trestného konania ku konaniu o správnom delikte a priestupku.
Salvato in:
| Autore principale: | |
|---|---|
| Natura: | Capitolo di libro |
| Lingua: | slovacco |
| Soggetti: | |
| Tags: |
Nessun Tag, puoi essere il primo ad aggiungerne!!
|
MARC
| LEADER | 00000naa a2200000 4500 | ||
|---|---|---|---|
| 001 | 0225026 | ||
| 005 | 20161205092518.4 | ||
| 041 | 0 | |a slo | |
| 044 | |a SK | ||
| 245 | 1 | 0 | |a Nový zákon o trestnej zodpovednosti právnických osôb |c Beata Múčková |
| 520 | |a Pokračovanie príspevku z predchádzajúceho čísla. Vzťah trestného konania ku konaniu o správnom delikte a priestupku. | ||
| 610 | 2 | 0 | |a osoby právnické |
| 610 | 2 | 0 | |a priestupky |
| 610 | 2 | 0 | |a činnosť trestná |
| 610 | 2 | 0 | |a konanie správne |
| 100 | 1 | |a Múčková, Beata | |